| 000 | 00000nas 2200000za 4500 |
| 001 | 9.851804 |
| 003 | CaOODSP |
| 005 | 20221107154438 |
| 007 | cr ||||||||||| |
| 008 | 180214d19181921oncar p oss f0###a0eng|d |
| 040 | |aCaOODSP|beng |
| 043 | |an-cn--- |
| 086 | 1 |aCS34-205E-PDF |
| 245 | 04|aThe cotton textile industry |h[electronic resource]. |
| 246 | 13|aPreliminary report on the cotton textile industry|f1920 |
| 246 | 13|aReport on the manufacture of cotton textiles in Canada|f1921 |
| 246 | 16|aCotton textile industries in Canada|f1921 |
| 260 | |aOttawa : |bDominion Bureau of Statistics, |c[1920?]-1923. |
| 310 | |aAnnual |
| 362 | 1 |aBegan with 1918 ; ceased with 1921. |
| 500 | |aTitle from caption. |
| 500 | |aNo final report for 1920. |
| 500 | |aIssues for 1920-1921 published in the series: Census of Industry. |
| 500 | |aDigitized edition from print [produced by Statistics Canada]. |
| 692 | 07|2gccst|aTextile industry |
| 710 | 1 |aCanada. |bDominion Bureau of Statistics. |
| 785 | 00|tReport on the cotton textile industry in Canada |w(CaOODSP)9.851844 |